Il moderno dissidio tra la chiesa e l´Italia (Record no. 171658)

MARC details
000 -LEADER
campo de control de longitud fija 00591nam a2200157 i 4500
001 - NÚMERO DE CONTROL
campo de control 171658
003 - IDENTIFICADOR DE NÚMERO DE CONTROL
campo de control ES-MaACL
005 - FECHA Y HORA DE LA ÚLTIMA TRANSACCIÓN
campo de control 20230906214705.0
008 - DATOS DE LONGITUD FIJA--INFORMACIÓN GENERAL
campo de control de longitud fija 090525s1878 it |||| | ita d
100 0# - ENTRADA PRINCIPAL--NOMBRE DE PERSONA
Nombre de persona Curci, Carlo María.
9 (RLIN) 42200
245 10 - MENCIÓN DEL TÍTULO
Título Il moderno dissidio tra la chiesa e l´Italia
Resto del título : considerato per occasione di un fatto particolare /
Mención de responsabilidad, etc. da C. M. Curci.
260 ## - PUBLICACIÓN, DISTRIBUCIÓN, ETC.
Lugar de publicación, distribución, etc. Firenze :
Nombre del editor, distribuidor, etc. Fratelli Becini Editori,
Fecha de publicación, distribución, etc. 1878.
300 ## - DESCRIPCIÓN FÍSICA
Extensión XVI, 240 p. ;
Dimensiones 22 cm.
546 ## - NOTA DE IDIOMA
Nota de lengua/lenguaje Texto italiano.
852 ## - LOCALIZACIÓN
Ubicación ES-MaACL
Número de control de estantería E-13081(3)
Nota libre .- Legado M. de la Fuente
condición física .- Encuadernado con otras obras
Holdings
Estatus retirado Estado de pérdida Estado de daño No para préstamo Colección Biblioteca de origen Biblioteca actual Ubicación en estantería Fecha de adquisición Fuente de adquisición Total de préstamos Signatura topográfica completa Código de barras Visto por última vez Precio de reemplazo Tipo de ítem Koha
        Libros del s. XIX Biblioteca del Ateneo de Madrid Biblioteca del Ateneo de Madrid Depósito 2 25/05/2009     E-13081(3) 1180142 23/02/2023 23/02/2023 Libro impreso antiguo